Statistiques concernant Ville à pays n°23

Cliquez ici pour prendre le quiz!

Statistiques générales

  • Ce quiz a été pris 89 fois
  • Le résultat moyen est 12 sur 18

Statistiques - réponses

VilleEt pays% Correct
VichyFrance
99%
PhiladelphiaÉtats-Unis
97%
La PazBolivie
94%
AntananarivoMadagascar
94%
PragueRepubliqué Tchèque
93%
DakarSenegal
93%
VaduzLiechtenstein
92%
TianjinChine
88%
GalwayIrlande
83%
SapporoJapon
76%
RiccioneItalie
75%
FredrikshavnDanemark
60%
Thunder BayCanada
53%
Gold CoastAustralie
50%
DunedinNouvelle-zelande
28%
HomelBielorussie
18%
Montego BayJamaique
18%
Dire DawaEthiopie
13%

Distribution des résultats

Percentile par nombre de réponses

% des personnes avec chaque résultat

Votre développement - résultats

Vous n’avez pas pris ce quiz